Deutsche Großstädte mit mehr als einem R - Statistiken

Allgemein
  • Dieses Quiz wurde 592 mal gespielt
  • Das Durchschnittsergebnis liegt bei 8 aus 12
Antwortstatistiken
Einwohner Stadt % Korrekt
773.000 Frankfurt am Main
88%
523.000 Nürnberg
84%
157.000 Regensburg
77%
236.000 Freiburg im Breisgau
75%
214.000 Erfurt
65%
308.000 Karlsruhe
65%
181.000 Saarbrücken
57%
127.000 Würzburg
54%
154.000 Paderborn
50%
112.000 Trier
50%
101.000 Kaiserslautern
43%
115.000 Bremerhaven
42%
Keine übereinstimmenden Quizze gefunden
Verteilung der Resultate
Anzahl Personen mit jedem Resultat
Perzentil nach korrekt beantworteten Fragen
Ihre Resultats-Entwicklung
Sie haben dieses Quiz noch nicht gespielt